| 000 | 01586nam0a2200349 4500 | ||
|---|---|---|---|
| 001 | RU\NLR\BIBL_A\011935897 | ||
| 005 | 20190325145518.0 | ||
| 010 |
_a978-5-98856-310-5 _9300 |
||
| 021 |
_aRU _bКН-П-18-102985 _9КН-П-18-7460 |
||
| 035 | _a(NLR Aleph) 011935897 | ||
| 035 | _a(RuMoRGB)009855628 | ||
| 090 |
_a11064649 _c11064649 |
||
| 100 | _a20190213d2018 k y0rusy50 ca | ||
| 101 | 0 | _arus | |
| 102 | _aRU | ||
| 105 | _aachbzz||||1yd | ||
| 200 | 1 |
_aЗападная Русь и литовско-русское государство _eкурс лекций _fЕ. А. Пресняков |
|
| 210 |
_aМосква _cЛетний сад _d2018 |
||
| 215 |
_a318, [1] с., [8] л. ил., портр., карт., факс. _d21 |
||
| 300 | _aНа обороте тит. л. авт.: А. Е. Пресняков, специалист по древнерусскому государству и праву, русскому летописанию | ||
| 320 | _aБиблиогр. в подстроч. примеч. | ||
| 320 | _aУказ. : с. 315 - 319 | ||
| 607 |
_aЛитва _xВзаимоотношения _yРоссия _2nlr_sh2 _3RU\NLR\AUTH\661380715 |
||
| 607 |
_aРоссия _xВзаимоотношения _yЛитва _2nlr_sh2 _3RU\NLR\AUTH\661380714 |
||
| 686 | 1 | _aТ3(4Лит)0-64(2) | |
| 686 | 1 | _aТ3(2)0-64(4Лит) | |
| 700 | 1 |
_aПресняков _bА. Е. _f1870-1929 _gАлександр Евгеньевич |
|
| 942 | _cBOOK | ||
| 980 | _aNBR | ||
| 980 | _aNB | ||